|
|
|
|
| LEADER |
00000nab a2200000 a 4500 |
| 001 |
vtls000798825 |
| 003 |
SK-MaSNL |
| 005 |
20260304103254.0 |
| 008 |
250429c20012002xo 0 slo |
| 015 |
|
|
|a SNBRB2002/06-21017
|
| 035 |
|
|
|a CLN000150480
|
| 035 |
|
|
|a urn:nbn:sk:snk-abbvhw
|
| 035 |
|
|
|a (urnnbn)urn:nbn:sk:snk:ar-002lhr
|
| 035 |
|
|
|a (uuid)8cacb367-1817-4326-b855-9fcc3441cfa1
|
| 040 |
|
|
|a SNKBUCL
|b slo
|c SNKBUCL
|e AACR2
|
| 041 |
0 |
|
|a slo
|
| 044 |
|
|
|a xo
|c SK
|
| 080 |
|
|
|a 372.3:371.691
|2 1997
|
| 080 |
|
|
|a 371.691
|2 1997
|
| 100 |
1 |
|
|a Uherčíková, Viera
|4 aut
|9 8353
|
| 245 |
1 |
0 |
|a Hráme sa s novými učebnými pomôckami
|c Viera Uherčíková, Ivan K. Haverlík
|
| 300 |
|
|
|b Obr.
|
| 650 |
0 |
7 |
|a didaktické pomôcky
|2 snkbucl
|9 622182
|
| 650 |
0 |
7 |
|a výchovné hry
|2 snkbucl
|9 246059
|
| 650 |
0 |
7 |
|a predškolská výchova
|2 snkbucl
|9 3959
|
| 650 |
0 |
7 |
|a tangramy
|2 snkbucl
|9 546016
|
| 655 |
|
7 |
|a články z novín a časopisov
|2 snkbucl
|9 267496
|
| 700 |
1 |
|
|a Haverlík, Ivan K.
|4 aut
|9 1376037
|
| 773 |
0 |
|
|t Predškolská výchova
|g Roč. 56, č. 6 (2001/2002), s. 39-40
|
| 850 |
|
|
|a Slovenská národná knižnica
|
| 852 |
|
|
|a Slovenská národná knižnica
|
| 954 |
|
|
|a odborná, vedecká literatúra pôvodná (slovenská)
|2 lita
|
| 958 |
|
|
|a article15
|
| 958 |
|
|
|a SK
|
| 958 |
|
|
|a OND
|
| 958 |
|
|
|a EUIPO
|
| 992 |
|
|
|a RBX
|
| 999 |
|
|
|c 2848522
|d 2850452
|